000
00238nam a22001217a 4500
040
_c
SK
082
_a
636
100
_a
NA
245
_a
Cattle ailments recognition and treatment
260
_a
NA
_b
NA
_c
NA
300
_a
182p.
942
_c
EK
999
_c
8959
_d
8959